Histoire de la philosophie moderne / (Record no. 163571)
[ view plain ]
| 000 -LEADER | |
|---|---|
| campo de control de longitud fija | 00903nam a22002295i 4500 |
| 001 - NÚMERO DE CONTROL | |
| campo de control | 163571 |
| 003 - IDENTIFICADOR DE NÚMERO DE CONTROL | |
| campo de control | ES-MaACL |
| 005 - FECHA Y HORA DE LA ÚLTIMA TRANSACCIÓN | |
| campo de control | 20250804045301.0 |
| 008 - DATOS DE LONGITUD FIJA--INFORMACIÓN GENERAL | |
| campo de control de longitud fija | 960307s1861 fr |||| | fre d |
| 040 ## - FUENTE DE CATALOGACIÓN | |
| Centro catalogador/agencia de origen | EUS |
| Lengua de catalogación | spa |
| Centro/agencia transcriptor | EUS |
| 100 1# - ENTRADA PRINCIPAL--NOMBRE DE PERSONA | |
| Nombre de persona | Ritter, Heinrich. |
| 9 (RLIN) | 131840 |
| 245 10 - MENCIÓN DEL TÍTULO | |
| Título | Histoire de la philosophie moderne / |
| Mención de responsabilidad, etc. | par Henri Ritter ; traduction française précédée d'une introduction par P. Challemel-Lacour. |
| 260 ## - PUBLICACIÓN, DISTRIBUCIÓN, ETC. | |
| Lugar de publicación, distribución, etc. | Paris : |
| Nombre del editor, distribuidor, etc. | Librairie Philosophique de Ladrange, |
| Fecha de publicación, distribución, etc. | 1861 ( |
| Lugar de fabricación/manufactura | Saint-Cloud : |
| Fabricante | Imprimerie de M\pme\s V\pe\s Belin) |
| 300 ## - DESCRIPCIÓN FÍSICA | |
| Extensión | 3 v. ([4], LXXXIV, 425 p. ; [4], 399 p. ; [4], 472 p.) ; |
| Dimensiones | 23 cm. |
| 597 ## - NOTA DE DESCRIPCIÓN FÍSICA | |
| NOTA DE DESCRIPCIÓN FÍSICA | Antep. |
| 650 #7 - PUNTO DE ACCESO ADICIONAL DE MATERIA--TÉRMINO DE MATERIA | |
| Término de materia o nombre geográfico como elemento de entrada | Filosofía moderna |
| Fuente del encabezamiento o término | embne |
| 9 (RLIN) | 144498 |
| 700 1# - ENTRADA AGREGADA--NOMBRE PERSONAL | |
| Nombre de persona | Challemel-Lacour, Paul Armand. |
| 9 (RLIN) | 126437 |
| 852 ## - LOCALIZACIÓN | |
| Ubicación | ES-MaACL |
| Número de control de estantería | F-10667-69 |
| Nota libre | -- Enc. cartón |
| 852 ## - LOCALIZACIÓN | |
| Ubicación | ES-MaACL |
| Número de control de estantería | D-4604-06 |
| Nota libre | -- Enc. hol. |
| Estatus retirado | Estado de pérdida | Estado de daño | No para préstamo | Colección | Biblioteca de origen | Biblioteca actual | Ubicación en estantería | Fecha de adquisición | Total de préstamos | Signatura topográfica completa | Código de barras | Visto por última vez | Precio de reemplazo | Tipo de ítem Koha |
|---|---|---|---|---|---|---|---|---|---|---|---|---|---|---|
| Libros del s. XIX | Biblioteca del Ateneo de Madrid | Biblioteca del Ateneo de Madrid | Sala Valle Inclán | 17/01/2008 | D-4604-06 | 901171408 | 23/02/2023 | 23/02/2023 | Libro impreso antiguo | |||||
| Libros del s. XIX | Biblioteca del Ateneo de Madrid | Biblioteca del Ateneo de Madrid | Sala Pecera Planta 2 | 17/01/2008 | F-10667-69 | 1171407 | 23/02/2023 | 23/02/2023 | Libro impreso antiguo |
